To insure or not to insure? that is the fiduciary question (Record no. 63800)

MARC details
000 -LEADER
fixed length control field 00893cam a2200229 4500
001 - CONTROL NUMBER
control field ABS62505
008 - FIXED-LENGTH DATA ELEMENTS--GENERAL INFORMATION
fixed length control field 000000n2000 000 0 eng u
035 ## - SYSTEM CONTROL NUMBER
System control number (Sirsi) u106500
100 ## - MAIN ENTRY--PERSONAL NAME
Personal name Warnock-Smith, S.
245 ## - TITLE STATEMENT
Title To insure or not to insure? that is the fiduciary question
260 ## - PUBLICATION, DISTRIBUTION, ETC.
Date of publication, distribution, etc. 2000
490 ## - SERIES STATEMENT
Series statement Christie's Bulletin for Professional Advisers
Volume/sequential designation 5(1) Summer 2000, 9-12(4)
520 ## - SUMMARY, ETC.
Summary, etc. Reviews the present law relating to the insurance of trust assets by trustees or personal representatives. Focuses on the defects of the current law and outlines the case for reform, as proposed in the Trustee Bill. Case law.
590 ## - LOCAL NOTE (RLIN)
Local note ABS
650 ## - SUBJECT ADDED ENTRY--TOPICAL TERM
Topical term or geographic name entry element TRUST ASSETS
650 ## - SUBJECT ADDED ENTRY--TOPICAL TERM
Topical term or geographic name entry element INSURANCE OF TRUST ASSETS
650 ## - SUBJECT ADDED ENTRY--TOPICAL TERM
Topical term or geographic name entry element TRUSTS OF LAND AND APPOINTMENT OF TRUSTEES ACT 1996
650 ## - SUBJECT ADDED ENTRY--TOPICAL TERM
Topical term or geographic name entry element TRUSTEE BILL
650 ## - SUBJECT ADDED ENTRY--TOPICAL TERM
Topical term or geographic name entry element TRUSTEE ACT 1925
690 ## - LOCAL SUBJECT ADDED ENTRY--TOPICAL TERM (OCLC, RLIN)
Topical term or geographic name as entry element INSURANCE
9 (RLIN) 6249
942 ## - ADDED ENTRY ELEMENTS (KOHA)
Suppress in OPAC 0
Holdings
Withdrawn status Lost status Source of classification or shelving scheme Damaged status Not for loan Home library Current library Shelving location Date acquired Total Checkouts Full call number Barcode Date last seen Copy number Price effective from Koha item type
    Dewey Decimal Classification     London London Journal article 16/06/2000   ABS62505 106500-1001 06/08/2019 1 06/08/2019 Journal article